Pričiny krizisa sovetskoj ekonomiki: vosproizvodstvennyj aspekt.

Podriadenie ekonomiky politickým cieľom ako príčina krízy sovietskej ekonomiky. Výroba kvôli výrobe. Nadmerný rozvoj 1. skupiny spoločenskej výroby. Zníženie efektívnosti spoločenskej výroby. Nadmerná koncentrácia priemyslovej výroby. Štruktúra podnikov podľa veľkosti. Nedostatky stimulácie ku vysok...

Descrizione completa

Salvato in:
Dettagli Bibliografici
Autore principale: Loginov, V.
Natura: Capitolo di libro
Lingua:russo
Soggetti:
Tags: Aggiungi Tag
Nessun Tag, puoi essere il primo ad aggiungerne!!

MARC

LEADER 00000naa a2200000 4500
001 r010375
005 20221130113322.7
041 0 |a rus 
044 |a [SU] 
245 1 0 |a Pričiny krizisa sovetskoj ekonomiki: vosproizvodstvennyj aspekt.  |c V. Loginov 
520 |a Podriadenie ekonomiky politickým cieľom ako príčina krízy sovietskej ekonomiky. Výroba kvôli výrobe. Nadmerný rozvoj 1. skupiny spoločenskej výroby. Zníženie efektívnosti spoločenskej výroby. Nadmerná koncentrácia priemyslovej výroby. Štruktúra podnikov podľa veľkosti. Nedostatky stimulácie ku vysokoproduktívnej práci. 
610 2 0 |a ZSSR 
610 2 0 |a kríza hospodárska 
610 2 0 |a výroba spoločenská 
610 2 0 |a výroba priemyselná 
610 2 0 |a koncentrácia výroby 
610 2 0 |a reprodukcia 
610 2 0 |a veľkosť podnikov 
610 2 0 |a politika 
610 2 0 |a produktivita práce 
100 1 |a Loginov, V.